00501nam a2200193 a 4500001001300000003000900013005001700022008004100039020001000080082001600090100002000106245002000126260003400146300000900180500003500189505003900224650002400263700002000287nice12345678IN_TiNIC20260116013017.0050524s1983 deoa grp 000 0 urd  ac10000a297.23bABD aAbdul Hai, Mohd aAhkam-E-Maiyyat aDeobandbMaktaba Jaweedc1983 a280p aincludes index and biblioraphy2 aBibliogrphy, Subject Index, Plates aEschatology-Islamic1 aAbdul Hai, Mohd